书目信息 |
| 题名: |
环境评价概论
|
|
| 作者: | 丁桑岚 主编 | |
| 分册: | ||
| 出版信息: | 北京 化学工业出版社 2001 |
|
| 页数: | 255页 | |
| 开本: | 26cm | |
| 丛书名: | ||
| 单 册: | ||
| 中图分类: | X82 | |
| 科图分类: | ||
| 主题词: | 环境质量--分析(化学) , 环境质量--评价 | |
| 电子资源: | ||
| ISBN: | 7-5025-2810-5 | |
| 000 | 00610nam0 2200217 45 | |
| 001 | 0303251430 | |
| 005 | 20031219104108.0 | |
| 010 | @a7-5025-2810-5@dCNY22.00 | |
| 100 | @a20030325d2001 km y0chiy0120 ea | |
| 101 | 0 | @achi |
| 105 | @a z 000yy | |
| 200 | 1 | @a环境评价概论@AHuan Jing Ping Jia Gai Lun@f丁桑岚主编@FDing Sang Lan Zhu Bian |
| 210 | @a北京@c化学工业出版社@d2001 | |
| 215 | @a255页@d26cm | |
| 300 | @a高等学校教材 | |
| 606 | 0 | @a环境质量@x分析(化学) |
| 606 | 0 | @a环境质量@x评价 |
| 690 | @aX82@v4 | |
| 701 | 0 | @a丁桑岚@4主编 |
| 801 | @aCN@bTSTC@c20030325 | |
| 905 | @b321562-566@dX82@e27@f5 | |
| 环境评价概论/丁桑岚主编.-北京:化学工业出版社,2001 |
| 255页;26cm |
| 高等学校教材 |
| ISBN 7-5025-2810-5:CNY22.00 |
| ● |
| 相关链接 |
|
|
|
|
正题名:环境评价概论
索取号:X82/27
 
预约/预借
| 序号 | 登录号 | 条形码 | 馆藏地/架位号 | 状态 | 备注 |
| 1 | 0321562 | 203215626 | 第三借阅区/ [索取号:X82/27] | 在馆 | |
| 2 | 0321563 | 203215635 | 第三借阅区/ [索取号:X82/27] | 在馆 | |
| 3 | 0321564 | 203215644 | 第三借阅区/ [索取号:X82/27] | 在馆 | |
| 4 | 0321565 | 203215653 | 第三借阅区/ [索取号:X82/27] | 在馆 | |
| 5 | 0321566 | 203215662 | 第二样本阅览室/ [索取号:X82/27] | 在馆 |